|
|
|
|
| LEADER |
00000cam a22000004a 4500 |
| 001 |
musev2_3169 |
| 003 |
MdBmJHUP |
| 005 |
20230905040412.0 |
| 006 |
m o d |
| 007 |
cr||||||||nn|n |
| 008 |
070521s2007 txu o 00 0 eng d |
| 010 |
|
|
|z 2007021076
|
| 020 |
|
|
|a 9780292795020
|
| 020 |
|
|
|z 0292717032
|
| 020 |
|
|
|z 0292795025
|
| 020 |
|
|
|z 9780292717039
|
| 035 |
|
|
|a (OCoLC)608836622
|
| 040 |
|
|
|a MdBmJHUP
|c MdBmJHUP
|
| 041 |
1 |
|
|a eng
|h spa
|
| 043 |
|
|
|a n------
|a s------
|a e-sp---
|
| 050 |
0 |
4 |
|a E141.O96
|b M94 2007
|
| 082 |
0 |
|
|a 970.01/6
|2 22
|
| 100 |
1 |
|
|a Myers, Kathleen Ann.
|
| 245 |
1 |
0 |
|a Fernández de Oviedo's Chronicle of America :
|b A New History for a New World /
|c Kathleen Ann Myers ; translations by Nina M. Scott.
|
| 250 |
|
|
|a 1st ed.
|
| 264 |
|
1 |
|a Austin :
|b University of Texas Press,
|c 2007.
|
| 264 |
|
3 |
|a Baltimore, Md. :
|b Project MUSE,
|c 2012
|
| 264 |
|
4 |
|c ©2007.
|
| 300 |
|
|
|a 1 online resource (344 pages):
|b ill., facsims. ;
|
| 336 |
|
|
|a text
|b txt
|2 rdacontent
|
| 337 |
|
|
|a computer
|b c
|2 rdamedia
|
| 338 |
|
|
|a online resource
|b cr
|2 rdacarrier
|
| 500 |
|
|
|a Translations of passages from Fernández de Oviedo's Historia general y natural de las Indias--Acknowledgments.
|
| 504 |
|
|
|a Includes bibliographical references (p. [301]-313) and index.
|
| 588 |
|
|
|a Description based on print version record.
|
| 600 |
1 |
0 |
|a Fernández de Oviedo y Valdes, Gonzalo,
|d 1478-1557.
|t Historia general y natural de las Indias.
|
| 651 |
|
0 |
|a America
|x Discovery and exploration
|v Biography.
|
| 651 |
|
0 |
|a America
|x Discovery and exploration
|x Historiography.
|
| 651 |
|
0 |
|a America
|v Early accounts to 1600.
|
| 650 |
|
0 |
|a Explorers
|z Spain
|v Biography.
|
| 650 |
|
0 |
|a Explorers
|z America
|v Biography.
|
| 650 |
|
0 |
|a Historians
|z Spain
|v Biography.
|
| 650 |
|
0 |
|a Historians
|z America
|v Biography.
|
| 655 |
|
7 |
|a Electronic books.
|2 local
|
| 700 |
1 |
2 |
|a Fernández de Oviedo y Valdes, Gonzalo,
|d 1478-1557.
|t Historia general y natural de las Indias.
|l English.
|k Selections.
|
| 700 |
1 |
|
|a Scott, Nina M.
|
| 710 |
2 |
|
|a Project Muse.
|e distributor
|
| 830 |
|
0 |
|a Book collections on Project MUSE.
|
| 856 |
4 |
0 |
|z Texto completo
|u https://projectmuse.uam.elogim.com/book/3169/
|
| 945 |
|
|
|a Project MUSE - Custom Collection
|
| 945 |
|
|
|a Project MUSE - Archive Complete Foundation
|
| 945 |
|
|
|a Project MUSE - Archive History Foundation
|
| 945 |
|
|
|a Project MUSE - Archive Latin American and Caribbean Studies Foundation
|